Riesci a nominare 16 giocatori della Juventus? - Leggenda - Statistics

Statistiche generali
  • Questo quiz è stato fatto 124 volte
  • Il punteggio medio è 5 su 16
Statistiche sulle risposte
con Immagini Risposta % Corretto
Christian Abbiati
90%
Valerij Bojinov
62%
Hamza Rafia
54%
Davide Lanzafame
40%
Marco Marchionni
39%
Federico Mattiello
38%
Jean-Alain Boumsong
35%
Matteo Paro
35%
Armand Traoré
27%
Cristian Pasquato
20%
Dario Knezevic
16%
Luca Zanimacchia
14%
Paolo Gozzi
11%
Ouasim Bouy
10%
Raffaele Bianco
9%
Athirson
6%
Nessun quiz corrispondente trovato
Distribuzione punteggi
Percentuale di utenti per punteggio
Percentile per numero di risposta
I tuoi punteggi nel tempo
Non hai fatto questo quiz